[Event "ZL-2014-0-01401"]
[Site "LSS email"]
[Date "2014.01.25"]
[Round "?"]
[White "Narkun, Malgorzata"]
[Black "Janousek, Ladislav"]
[Result "1-0"]
[WhiteElo "1189"]
[BlackElo "1347"]
[PlyCount "25"]
[EventDate "2014.01.14"]
[EventType "match (corr)"]
[EventRounds "2"]
[EventCountry "GER"]
[SourceTitle "Corr 2022"]
[Source "ChessBase"]
[SourceDate "2021.10.24"]
[SourceVersion "1"]
[SourceVersionDate "2021.10.24"]
[SourceQuality "1"]

1. d4 d5 2. e4 dxe4 3. Nc3 Bf5 4. f3 exf3 5. Nxf3 g6 6. Bc4 Bg7 7. g4 Bxg4 8. Bxf7+ Kxf7 9. Ng5+ Ke8 10. Qxg4 Nf6 11. Qe6 Rf8 12. Qc4 Qd5 13. Nxd5 1-0

[Event "OP-2012-0-02467"]
[Site "LSS email"]
[Date "2012.10.26"]
[Round "?"]
[White "Janousek, Ladislav"]
[Black "Raines, David T"]
[Result "1-0"]
[WhiteElo "1255"]
[BlackElo "1054"]
[PlyCount "83"]
[EventDate "2012.10.23"]
[EventType "tourn (corr)"]
[EventRounds "4"]
[EventCountry "GER"]
[SourceTitle "Telechess CBM 159"]
[Source "ChessBase"]
[SourceDate "2014.03.17"]
[SourceVersion "1"]
[SourceVersionDate "2014.03.17"]
[SourceQuality "1"]

1. e4 g6 2. d4 Bg7 3. Nf3 d6 4. h3 Nd7 5. Bd3 e5 6. Bc4 Ne7 7. Ng5 0-0 8. Nxf7 Rxf7 9. Bxf7+ Kxf7 10. dxe5 Nxe5 11. Bg5 Qd7 12. f4 N5c6 13. c3 Kg8 14. 0-0 Qe8 15. Na3 a6 16. Nc2 Bd7 17. Bxe7 Qxe7 18. Qd3 Rf8 19. Ne3 Nd8 20. Nd5 Qh4 21. Nxc7 Nf7 22. Rac1 Bh6 23. Nd5 Bg7 24. Nb6 Bc6 25. Nd5 Qd8 26. Rf2 Kh8 27. b4 Nh6 28. c4 Qe8 29. Rcc2 Ng8 30. Rce2 Qd8 31. Kh2 Nf6 32. Nxf6 Bxf6 33. b5 axb5 34. cxb5 Be8 35. a4 Bf7 36. e5 dxe5 37. Qxd8 Bxd8 38. fxe5 Be7 39. e6 Be8 40. Rxf8+ Bxf8 41. e7 Bg7 42. Rf2 1-0